Cash flow v účetní závěrce [komentář, příklady]

Gespeichert in:
Bibliographische Detailangaben
1. Verfasser: Ryneš, Petr
Format: Buch
Sprache:Tschechisch
Veröffentlicht: Olomouc Nakladatelství ANAG 2009
Ausgabe:3. aktualiz. vyd.
Schriftenreihe:Účetnictví
Schlagworte:
Tags: Tag hinzufügen
Keine Tags, Fügen Sie das erste Tag hinzu!

MARC

LEADER 00000nam$a2200000$$$4500
001 0104080
005 20240315114402.9
020 |a 978-80-7263-490-3 
041 0 |a cze 
044 |a CZ 
245 1 0 |a Cash flow v účetní závěrce  |b [komentář, příklady]  |c Petr Ryneš 
250 |a 3. aktualiz. vyd. 
264 1 |a Olomouc  |b Nakladatelství ANAG  |c 2009 
300 |a 191 s. 
490 1 |a Účetnictví 
830 0 |a Účetnictví 
610 2 0 |a závierka účtovná 
610 2 0 |a cash flow 
610 2 0 |a účtovníctvo podvojné 
610 2 0 |a výkazy účtovné 
610 2 0 |a podnikatelia 
610 2 0 |a investície 
610 2 0 |a analýza finančná 
610 2 0 |a operácie účtovné 
610 2 0 |a ukazovatele finančné 
610 2 0 |a vyhlášky 
610 2 0 |a Česko 
100 1 |a Ryneš, Petr